[Event "World Blitz"]
[Site "Moscow RUS"]
[Date "2007.11.21"]
[Round "7"]
[White "Anand, V."]
[Black "Adams, Mi"]
[Result "1-0"]
[WhiteElo "2801"]
[BlackElo "2729"]
[PlyCount "91"]
[EventDate "2007.11.21"]
[Source "www.chesslib.no"]
[SourceDate "2004.05.04"]

1. d4 Nf6 2. c4 e6 3. Nf3 Bb4+ 4. Bd2 c5 5. Bxb4 cxb4 6. g3 O-O 7. Bg2 d6 8. O-O Re8 9. Qd3 a5 10. a3 Na6 11. Nbd2 Qc7 12. Rfc1 h6 13. Ne1 e5 14. Nc2 bxa3 15. bxa3 exd4 16. Nxd4 Bd7 17. e3 Nc5 18. Qc2 a4 19. Rab1 Rab8 20. Rb4 Ng4 21. Nb5 Bxb5 22. cxb5 Ne5 23. Ne4 Qb6 24. Rd1 Rbd8 25. Nc3 Rc8 26. Nxa4 Qa5 27. Bh3 Ne6 28. Qb3 Nf3+ 29. Kg2 Nfg5 30. Bg4 Rcd8 31. h4 Nh7 32. Bf3 Rd7 33. b6 Nf6 34. Rb5 Qa8 35. Nc3 Nc5 36. Qb4 Re5 37. a4 Qc8 38. Nd5 Nxd5 39. Rxd5 Rxd5 40. Bxd5 Re7 41. Qc4 Qf5 42. a5 Kf8 43. Bf3 g5 44. hxg5 hxg5 45. a6 bxa6 46. b7 1-0

[Event "Amber 2007 Blindfold"]
[Site "Monte Carlo MNC"]
[Date "2007.03.19"]
[Round "3"]
[White "Gelfand, B."]
[Black "Aronian, L."]
[Result "1-0"]
[WhiteElo "2733"]
[BlackElo "2744"]
[PlyCount "45"]
[EventDate "2007.03.17"]
[Source "www.chesslib.no"]
[SourceDate "2004.05.04"]

1. d4 Nf6 2. c4 e6 3. g3 d5 4. Bg2 Bb4+ 5. Bd2 Be7 6. Nf3 O-O 7. O-O c6 8. Bf4 b6 9. Nc3 Bb7 10. Rc1 Nh5 11. Be5 Nd7 12. cxd5 exd5 13. e4 f6 14. exd5 cxd5 15. Bc7 Qxc7 16. Nh4 Nf4 17. gxf4 Rf7 18. Nxd5 Qb8 19. Nxe7+ Rxe7 20. Nf5 Re8 21. Qb3+ Kh8 22. Bxb7 Qxb7 23. Nd6 1-0

[Event "RUS"]
[Site "?"]
[Date "2006.04.20"]
[Round "1"]
[White "Radjabov Teimour"]
[Black "Ivanchuk Vassily"]
[Result "1/2-1/2"]
[WhiteElo "2717"]
[BlackElo "2723"]
[PlyCount "39"]
[EventDate "2006.??.??"]
[Source "www.chesslib.no"]
[SourceDate "2004.05.04"]

1. d4 Nf6 2. c4 e6 3. Nf3 Bb4+ 4. Bd2 c5 5. dxc5 Bxc5 6. e3 b6 7. Bc3 Bb7 8. Nbd2 Na6 9. a3 Be7 10. b4 O-O 11. Bd3 d5 12. O-O Nc7 13. Bd4 dxc4 14. Nxc4 Nb5 15. Bb2 Rc8 16. Rc1 Nd6 17. Qe2 Nxc4 18. Bxc4 a5 19. Rfd1 Bd5 20. Bxd5 1/2-1/2

[Event "XXIV ECC"]
[Site "Kallithea GRE"]
[Date "2008.10.21"]
[Round "5"]
[White "Eljanov, P."]
[Black "Alekseev, Evgeny"]
[Result "1/2-1/2"]
[WhiteElo "2720"]
[BlackElo "2715"]
[PlyCount "74"]
[EventDate "2008.10.17"]
[Source "www.chesslib.no"]
[SourceDate "2004.05.04"]

1. d4 Nf6 2. c4 e6 3. g3 Bb4+ 4. Bd2 Be7 5. Bg2 d5 6. Nf3 O-O 7. O-O c6 8. Bf4 b6 9. Nc3 Bb7 10. b3 Nbd7 11. Qc2 Nh5 12. Bc1 f5 13. a4 a5 14. Ba3 Bb4 15. e3 Qe7 16. Bxb4 axb4 17. Ne2 c5 18. Ne5 Nxe5 19. dxe5 g5 20. Rad1 Rad8 21. f4 gxf4 22. exf4 Ng7 23. Nc1 Rd7 24. Rd3 dxc4 25. Qxc4 Rxd3 26. Nxd3 Bxg2 27. Kxg2 Rd8 28. Nb2 Qb7+ 29. Kg1 Rd4 30. Qe2 h5 31. Rd1 Qd5 32. Rxd4 Qxd4+ 33. Kg2 Qd5+ 34. Qf3 Qd2+ 35. Qf2 Qd5+ 36. Qf3 Qd2+ 37. Qf2 Qd5+ 1/2-1/2

[Event "Russie (championnat equipes)"]
[Site "?"]
[Date "2004.04.??"]
[Round "6"]
[White "Gelfand Boris"]
[Black "Grischuk Alexander"]
[Result "1/2-1/2"]
[WhiteElo "2709"]
[BlackElo "2719"]
[PlyCount "58"]
[EventDate "2004.??.??"]
[Source "www.chesslib.no"]
[SourceDate "2004.05.04"]

1. d4 Nf6 2. c4 e6 3. g3 d5 4. Bg2 Bb4+ 5. Bd2 Be7 6. Nf3 O-O 7. O-O c6 8. Bf4 Nbd7 9. Qb3 Nh5 10. Be3 Nhf6 11. Rc1 b6 12. Nc3 Bb7 13. Bf4 c5 14. cxd5 Nxd5 15. Nxd5 Bxd5 16. Qd3 cxd4 17. Nxd4 Nc5 18. Qd2 Bxg2 19. Kxg2 Qd5+ 20. Nf3 Qb7 21. b4 Ne4 22. Qb2 Rac8 23. Kg1 h6 24. a4 Rfd8 25. Be5 Bf8 26. Bd4 Qd5 27. Be3 Be7 28. Bd4 Bf8 29. Be3 Be7 1/2-1/2

[Event "RUS-The World"]
[Site "Moscow"]
[Date "2002.09.08"]
[Round "1"]
[White "Bareev, Evgeny"]
[Black "Shirov, Alexei"]
[Result "1/2-1/2"]
[WhiteElo "2726"]
[BlackElo "2697"]
[PlyCount "116"]
[EventDate "2002.09.08"]
[Source "ChessBase"]
[SourceDate "2002.11.12"]

1. c4 e6 2. d4 d5 3. Nf3 Nf6 4. g3 Bb4+ 5. Bd2 Be7 6. Bg2 O-O 7. O-O c6 8. Qb3 Nbd7 9. Rc1 Ne4 10. Be3 b6 11. Nc3 Nd6 12. cxd5 cxd5 13. Bf4 Bb7 14. Nb5 Nc4 15. a4 a6 16. Na3 g5 17. Be3 g4 18. Nd2 Nxe3 19. Qxe3 Bg5 20. Qd3 f5 21. e3 Be7 22. Nc2 a5 23. Na3 Nf6 24. Nb5 Rc8 25. Rc2 Rxc2 26. Qxc2 Qd7 27. Nb1 Rc8 28. N1c3 Ba6 29. Qd1 Bb4 30. Rc1 Kf7 31. Bf1 h5 32. Bd3 Bxc3 33. bxc3 Bxb5 34. Bxb5 Qc7 35. c4 Ne4 36. Ba6 dxc4 37. Bxc8 Qxc8 38. d5 c3 39. Qb3 Qc5 40. dxe6+ Ke7 41. Rb1 Qc6 42. Qxb6 c2 43. Qa7+ Kxe6 44. Rc1 Ng5 45. Qxa5 Nf3+ 46. Kf1 Nxh2+ 47. Kg1 Nf3+ 48. Kf1 Nh2+ 49. Kg1 Nf3+ 50. Kf1 Ne5 51. e4 Qc4+ 52. Kg1 Nf3+ 53. Kh1 Qxe4 54. Qb6+ Kd7 55. Qa7+ Kd6 56. Qb6+ Kd7 57. Qa7+ Kd6 58. Qb6+ Ke5 1/2-1/2

[Event "Amber-blind 11th"]
[Site "Monaco"]
[Date "2002.03.21"]
[Round "5"]
[White "Bareev, Evgeny"]
[Black "Shirov, Alexei"]
[Result "0-1"]
[WhiteElo "2707"]
[BlackElo "2715"]
[PlyCount "42"]
[EventDate "2002.03.16"]
[Source "ChessBase"]
[SourceDate "2002.05.03"]

1. c4 e6 2. d4 d5 3. Nf3 Nf6 4. g3 Bb4+ 5. Bd2 Be7 6. Bg2 O-O 7. O-O c6 8. Qb3 Nbd7 9. Bb4 Bxb4 10. Qxb4 a5 11. Qb3 b5 12. c5 b4 13. Nbd2 Ba6 14. Rfe1 Qc7 15. e4 dxe4 16. Nxe4 Nxe4 17. Rxe4 Nf6 18. Ree1 Bb5 19. Ne5 Rad8 20. Bxc6 Bxc6 21. Nxc6 Qxc6 0-1

[Event "Belgrade"]
[Site "Belgrade"]
[Date "1989.??.??"]
[Round "?"]
[White "Kasparov, Garry"]
[Black "Timman, Jan H"]
[Result "1/2-1/2"]
[WhiteElo "2775"]
[BlackElo "2635"]
[PlyCount "96"]
[EventDate "1989.11.??"]
[Source "ChessBase"]

1. d4 Nf6 2. c4 e6 3. Nf3 Bb4+ 4. Bd2 Bxd2+ 5. Qxd2 O-O 6. g3 d5 7. Bg2 Qe7 8. O-O Rd8 9. Rc1 c6 10. Qe3 Bd7 11. Nbd2 Be8 12. Nb3 Nbd7 13. Na5 Rab8 14. Rab1 Rdc8 15. cxd5 Nxd5 16. Qd2 c5 17. e4 N5b6 18. e5 h6 19. a3 Nd5 20. Nc4 Rd8 21. Qe1 cxd4 22. Nxd4 Nc5 23. Rd1 Nb6 24. Nd6 Nc8 25. Rbc1 Na4 26. Nxb7 Rxb7 27. Bxb7 Qxb7 28. Nxe6 Rxd1 29. Qxd1 Nab6 30. Rc7 Qe4 31. Qd8 Qe1+ 32. Kg2 Qe4+ 33. Kg1 Qe1+ 34. Kg2 Qe4+ 35. f3 Qe2+ 36. Kh3 Qb5 37. a4 Qxa4 38. Nc5 Qb5 39. Nd7 Qf1+ 40. Kg4 Nd6 41. Nf6+ gxf6 42. exd6 h5+ 43. Kh4 Qe2 44. h3 Kg7 45. Re7 Qb5 46. f4 Bd7 47. Re5 Qf1 48. Rg5+ fxg5+ 1/2-1/2

[Event "It (Open)"]
[Site "?"]
[Date "2005.11.18"]
[Round "6.1"]
[White "Dreev Alexey"]
[Black "Nisipeanu Liviu-Dieter"]
[Result "1/2-1/2"]
[WhiteElo "2694"]
[BlackElo "2707"]
[PlyCount "36"]
[EventDate "2005.??.??"]
[Source "www.chesslib.no"]
[SourceDate "2004.05.04"]

1. d4 Nf6 2. c4 e6 3. Nf3 Bb4+ 4. Bd2 c5 5. Bxb4 cxb4 6. g3 O-O 7. Bg2 d6 8. O-O Re8 9. Qd3 Nc6 10. Nbd2 e5 11. e4 Nd7 12. Rfd1 Qf6 13. Nb3 a5 14. d5 Ncb8 15. a3 Na6 16. Qe3 b6 17. Nbd2 Ndc5 18. h4 Bd7 1/2-1/2

[Event "Camp. spagnolo a squadre - Gruppo I"]
[Site "Cala Mayor SPA"]
[Date "2008.09.06"]
[Round "4"]
[White "Avrukh, B."]
[Black "Adams, Mi"]
[Result "0-1"]
[WhiteElo "2656"]
[BlackElo "2735"]
[PlyCount "130"]
[EventDate "2008.09.03"]
[Source "www.chesslib.no"]
[SourceDate "2004.05.04"]

1. d4 Nf6 2. c4 e6 3. g3 d5 4. Nf3 Bb4+ 5. Bd2 Be7 6. Bg2 O-O 7. O-O c6 8. Qc2 b6 9. Rd1 Ba6 10. b3 Nbd7 11. a4 Qc8 12. Na3 c5 13. Qb2 Ne4 14. Be1 Qb7 15. e3 Rac8 16. Rac1 Qa8 17. Ne5 Ndf6 18. cxd5 exd5 19. Nb5 Bb7 20. b4 a6 21. Na3 c4 22. Bxe4 Nxe4 23. Nd7 Rc6 24. Nxf8 Qxf8 25. Nb1 Rf6 26. Qe2 Bc6 27. b5 axb5 28. axb5 Bxb5 29. Nc3 Nxc3 30. Bxc3 Ba4 31. Re1 Re6 32. Ra1 b5 33. Qf3 Re4 34. Qf5 Qd8 35. f3 g6 36. Qh3 Re6 37. e4 Bf8 38. Qg2 Bb3 39. Qd2 dxe4 40. fxe4 b4 41. Bxb4 Bxb4 42. Qxb4 Qxd4+ 43. Kg2 Re8 44. Qb5 Rd8 45. Qb4 Bc2 46. Qe7 c3 47. Rac1 Qd2+ 48. Kg1 h5 49. Qe5 Rd4 50. Qe8+ Kg7 51. Qe5+ Kh7 52. Qc7 Rd7 53. Qe5 Ra7 54. Qf4 Bb3 55. Rf1 Ra2 56. Qf2 Qd3 57. Qf3 Qd4+ 58. Rf2 Rd2 59. Kg2 Be6 60. Rc2 Rd3 61. Qf4 g5 62. Qxg5 Qxe4+ 63. Kg1 Rd1+ 64. Rf1 Rxf1+ 65. Kxf1 Bh3+ 0-1

[Event "Linares"]
[Site "Linares"]
[Date "1992.??.??"]
[Round "13"]
[White "Karpov, Anatoly"]
[Black "Jussupow, Artur"]
[Result "1/2-1/2"]
[WhiteElo "2725"]
[BlackElo "2655"]
[PlyCount "114"]
[EventDate "1992.02.??"]
[Source "ChessBase"]

1. d4 Nf6 2. c4 e6 3. Nf3 Bb4+ 4. Bd2 a5 5. Nc3 b6 6. g3 Ba6 7. b3 O-O 8. Bg2 c6 9. a3 Be7 10. Bg5 d5 11. Bxf6 Bxf6 12. cxd5 cxd5 13. O-O Nd7 14. Qd2 Be7 15. Rfc1 b5 16. e3 b4 17. axb4 Bxb4 18. Qb2 Qb8 19. Ne2 Rc8 20. Nf4 Qd6 21. Rxc8+ Rxc8 22. Rc1 Rc7 23. Rc2 Qb6 24. Bf1 Bxf1 25. Kxf1 Bd6 26. Rxc7 Qxc7 27. Nd3 Nb6 28. Kg2 Qc6 29. Nde5 Qb5 30. Qc2 h6 31. h4 a4 32. bxa4 Qxa4 33. Qc3 h5 34. Qb2 Bxe5 35. Nxe5 Nd7 36. Nd3 Qa6 37. Nf4 g6 38. Qc2 Nf8 39. Qc7 Qb5 40. Qe5 Qb7 41. Qg5 Nh7 42. Qd8+ Kg7 43. Qd6 Kg8 44. Qe5 Qa8 45. Qc7 Nf6 46. Nd3 Ng4 47. Nc5 Qa2 48. Qf4 Qa7 49. Nd3 Kg7 50. Ne5 Nxe5 51. Qxe5+ Kg8 52. Qg5 Kh7 53. Kf3 Qc7 54. Qf4 Qe7 55. Qe5 Kg8 56. Kg2 Qb4 57. Qf4 Qb1 1/2-1/2

[Event "Camp. russo a squadre 2007"]
[Site "Sochi RUS"]
[Date "2007.05.07"]
[Round "6"]
[White "Gelfand, B."]
[Black "Asrian, K."]
[Result "1/2-1/2"]
[WhiteElo "2733"]
[BlackElo "2635"]
[PlyCount "30"]
[EventDate "2007.05.02"]
[Source "www.chesslib.no"]
[SourceDate "2004.05.04"]

1. d4 e6 2. c4 Bb4+ 3. Nd2 Nf6 4. Ngf3 O-O 5. a3 Be7 6. e4 d5 7. Bd3 c5 8. dxc5 dxe4 9. Nxe4 Nxe4 10. Bxe4 Qxd1+ 11. Kxd1 Bxc5 12. b4 Be7 13. Bb2 Nd7 14. Kc2 Nf6 15. Bxf6 Bxf6 1/2-1/2

[Event "Nussloch m"]
[Site "Nussloch"]
[Date "1996.??.??"]
[Round "1"]
[White "Karpov, Anatoly"]
[Black "Lobron, Eric"]
[Result "1-0"]
[WhiteElo "2770"]
[BlackElo "2590"]
[PlyCount "85"]
[EventDate "1996.??.??"]
[Source "www.chesslib.no"]
[SourceDate "2004.05.04"]

1. d4 Nf6 2. c4 e6 3. Nf3 d5 4. g3 Bb4+ 5. Bd2 c5 6. Bxb4 cxb4 7. Nbd2 Nc6 8. Bg2 O-O 9. O-O Qe7 10. Rc1 Rd8 11. Re1 Ne4 12. e3 f5 13. Qe2 Bd7 14. Rc2 Be8 15. Rec1 b3 16. axb3 Nb4 17. Nxe4 fxe4 18. Ne5 Nxc2 19. Qxc2 a5 20. c5 Bb5 21. b4 axb4 22. Qb3 Qe8 23. h3 Ra4 24. Kh2 h6 25. f3 Bc6 26. Nxc6 Qxc6 27. fxe4 dxe4 28. Rf1 Rf8 29. Bxe4 Qa6 30. Bd3 Qc6 31. Bb5 Qxb5 32. Qxe6+ Kh7 33. Qe4+ Kg8 34. Qd5+ Kh7 35. Rxf8 Qe2+ 36. Qg2 Qxe3 37. Qc2+ g6 38. Rf7+ Kh8 39. Qxa4 Qe2+ 40. Kg1 Qe1+ 41. Kg2 Qe2+ 42. Rf2 Qe4+ 43. Kh2 1-0

[Event "Thessaloniki (ol)"]
[Site "?"]
[Date "1988.??.??"]
[Round "?"]
[White "Karpov, An"]
[Black "Andersson, U."]
[Result "1-0"]
[WhiteElo "2725"]
[BlackElo "2625"]
[PlyCount "107"]
[EventDate "1988.??.??"]
[Source "ChessBase"]
[SourceDate "1988.07.01"]

1. d4 Nf6 2. c4 e6 3. Nf3 Bb4+ 4. Bd2 Bxd2+ 5. Qxd2 O-O 6. g3 d5 7. Bg2 Nbd7 8. O-O c6 9. Rc1 Qe7 10. Qe3 Re8 11. Nbd2 e5 12. dxe5 Nxe5 13. Qxe5 Qxe5 14. Nxe5 Rxe5 15. cxd5 Nxd5 16. e4 Nb6 17. f4 Re7 18. a4 a5 19. Nb3 f6 20. Ra3 Be6 21. Nc5 Bf7 22. Rd3 Rae8 23. Bh3 Nc8 24. Bd7 Rd8 25. Rcd1 Nb6 26. Bg4 Rxd3 27. Rxd3 Kf8 28. Rd8+ Re8 29. Rd4 Rb8 30. Rd7 h5 31. Bh3 Ke8 32. Rc7 Na8 33. Rxb7 Rxb7 34. Nxb7 Nb6 35. Nd6+ Ke7 36. Nxf7 Nxa4 37. Nh8 Nxb2 38. e5 a4 39. Ng6+ Ke8 40. Be6 Nd3 41. Bg8 fxe5 42. Nxe5 Nb4 43. Nc4 h4 44. Bh7 hxg3 45. hxg3 Ke7 46. Be4 Kf6 47. g4 Ke6 48. Kf2 Nd5 49. Kf3 Nb4 50. g5 c5 51. f5+ Ke7 52. Ke3 Kf8 53. Kd2 Ke7 54. Kc3 1-0

[Event "Donner mem"]
[Site "Amsterdam"]
[Date "1996.??.??"]
[Round "5"]
[White "Salov, Valery"]
[Black "Sokolov, Ivan"]
[Result "1-0"]
[WhiteElo "2675"]
[BlackElo "2670"]
[PlyCount "55"]
[EventDate "1996.08.17"]
[Source "ChessBase"]

1. Nf3 Nf6 2. c4 e6 3. g3 d5 4. d4 Bb4+ 5. Bd2 Bxd2+ 6. Nbxd2 O-O 7. Bg2 Qe7 8. O-O b6 9. Rc1 Bb7 10. cxd5 exd5 11. Qa4 a5 12. Rfe1 c6 13. e4 Nxe4 14. Nxe4 dxe4 15. Ne5 f6 16. Qb3+ Kh8 17. Nd3 Qd8 18. Bxe4 a4 19. Qc2 f5 20. Bf3 Qxd4 21. Nf4 Qf6 22. Re6 Qf7 23. Qe2 Ba6 24. Qe3 Bc8 25. Re7 Qf6 26. Rd1 Ra5 27. Nh5 f4 28. Nxf6 1-0

[Event "Dortmund GER"]
[Site "?"]
[Date "1997.??.??"]
[Round "5"]
[White "Huebner Robert"]
[Black "Kramnik Vladimir"]
[Result "1/2-1/2"]
[WhiteElo "2600"]
[BlackElo "2740"]
[PlyCount "31"]
[EventDate "1997.??.??"]
[Source "www.chesslib.no"]
[SourceDate "2004.05.04"]

1. d4 Nf6 2. Nf3 d5 3. c4 e6 4. g3 Bb4+ 5. Bd2 Be7 6. Bg2 h5 7. O-O g6 8. b3 b6 9. Bc3 c5 10. Nbd2 Nc6 11. Ne5 Nb4 12. Rc1 b5 13. cxb5 Ba6 14. e3 Rb8 15. Bxb4 O-O 16. Ne4 1/2-1/2

[Event "EUR-ASIA m 30'"]
[Site "Batumi"]
[Date "2001.09.17"]
[Round "1"]
[White "Kasimdzhanov, Rustam"]
[Black "Gurevich, Mikhail"]
[Result "1-0"]
[WhiteElo "2704"]
[BlackElo "2633"]
[PlyCount "59"]
[EventDate "2001.09.17"]
[Source "ChessBase"]
[SourceDate "2001.02.01"]

1. d4 Nf6 2. c4 e6 3. g3 d5 4. Bg2 Bb4+ 5. Bd2 Be7 6. Nf3 O-O 7. O-O c6 8. Bf4 b6 9. Qb3 Nbd7 10. Rd1 a5 11. Nc3 Ba6 12. cxd5 exd5 13. Rac1 Rc8 14. Bh3 Bc4 15. Qc2 c5 16. dxc5 Bxc5 17. Bg5 Rc6 18. Bxd7 Qxd7 19. Bxf6 Rxf6 20. Ne4 Qe7 21. Nxf6+ Qxf6 22. b3 Ba6 23. Rxd5 Re8 24. Rf5 Qh6 25. Re5 Rc8 26. Rd1 f6 27. Rxc5 bxc5 28. Qe4 f5 29. Qd5+ Kf8 30. Ne5 1-0

[Event "World Blitz"]
[Site "Moscow RUS"]
[Date "2007.11.21"]
[Round "3"]
[White "Dreev, A."]
[Black "Adams, Mi"]
[Result "1/2-1/2"]
[WhiteElo "2607"]
[BlackElo "2729"]
[PlyCount "62"]
[EventDate "2007.11.21"]
[Source "www.chesslib.no"]
[SourceDate "2004.05.04"]

1. d4 Nf6 2. c4 e6 3. Nf3 Bb4+ 4. Bd2 c5 5. Bxb4 cxb4 6. e3 O-O 7. Bd3 d6 8. O-O Nc6 9. Nbd2 e5 10. d5 Ne7 11. a3 bxa3 12. Rxa3 Bg4 13. h3 Bh5 14. Be2 a5 15. Ne1 Bg6 16. Bd3 Nd7 17. Bxg6 hxg6 18. Nd3 Qc7 19. Qa4 Ra6 20. Rc1 Rc8 21. b4 axb4 22. Qxb4 Rxa3 23. Qxa3 f5 24. Qb4 b6 25. Ra1 g5 26. Qb5 e4 27. Nb4 Ne5 28. Ra6 Rb8 29. Ra2 Rc8 30. Ra6 Rb8 31. Ra2 Rc8 1/2-1/2

[Event "Leon"]
[Site "Leon"]
[Date "1993.??.??"]
[Round "8"]
[White "Yudasin, Leonid"]
[Black "Karpov, Anatoly"]
[Result "1/2-1/2"]
[WhiteElo "2610"]
[BlackElo "2725"]
[PlyCount "35"]
[EventDate "1993.05.??"]
[Source "ChessBase"]

1. Nf3 Nf6 2. c4 e6 3. d4 Bb4+ 4. Bd2 c5 5. g3 Bxd2+ 6. Qxd2 Ne4 7. Qc2 Qa5+ 8. Nbd2 Nxd2 9. Qxd2 Qxd2+ 10. Kxd2 cxd4 11. Nxd4 Nc6 12. e3 d6 13. Bg2 Bd7 14. Rac1 Ke7 15. Rhd1 Rac8 16. b3 a6 17. f4 h6 18. h4 1/2-1/2

[Event "Camp. russo a squadre 2007"]
[Site "Sochi RUS"]
[Date "2007.05.04"]
[Round "3"]
[White "Shirov, A."]
[Black "Asrian, K."]
[Result "1-0"]
[WhiteElo "2699"]
[BlackElo "2635"]
[PlyCount "127"]
[EventDate "2007.05.02"]
[Source "www.chesslib.no"]
[SourceDate "2004.05.04"]

1. d4 d5 2. c4 e6 3. Nf3 Nf6 4. g3 Bb4+ 5. Bd2 Be7 6. Bg2 O-O 7. Qb3 c6 8. O-O Nbd7 9. Rc1 Ne4 10. Bf4 f5 11. Ne5 Nxe5 12. Bxe5 Bf6 13. Bxf6 Qxf6 14. Qe3 f4 15. gxf4 Nd6 16. Nd2 Nf5 17. Qe5 Nxd4 18. Qxf6 gxf6 19. Kf1 Nf5 20. e4 dxe4 21. Nxe4 e5 22. fxe5 fxe5 23. Rc3 Be6 24. Re1 Rae8 25. Nd2 Bf7 26. Be4 Nd6 27. Bd3 Bg6 28. Bxg6 hxg6 29. Rce3 Rf4 30. b3 Nf7 31. Ne4 Rd8 32. Nc5 Rd2 33. R3e2 Rxe2 34. Rxe2 b6 35. Nd7 Rf5 36. Nb8 Rf6 37. Rd2 Ng5 38. Ke2 Ne4 39. Rd8+ Kg7 40. Rd7+ Kh6 41. Rxa7 b5 42. Re7 bxc4 43. bxc4 Nc3+ 44. Ke3 e4 45. Nd7 Rf3+ 46. Kd4 Rd3+ 47. Kc5 Kg5 48. Kxc6 Rf3 49. Nc5 Rxf2 50. Nxe4+ Nxe4 51. Rxe4 Rxh2 52. a4 Kf5 53. Re8 Ra2 54. Ra8 g5 55. a5 Kg6 56. a6 Kg7 57. Kb7 Rb2+ 58. Ka7 g4 59. Rd8 g3 60. c5 g2 61. Rd1 Kf6 62. c6 Rf2 63. Rg1 Ke6 64. Kb7 1-0

[Event "Kallithea 86/464"]
[Site "?"]
[Date "2002.??.??"]
[Round "?"]
[White "Lautier, J."]
[Black "Zvjaginsev, V."]
[Result "1-0"]
[WhiteElo "2663"]
[BlackElo "2668"]
[PlyCount "105"]
[EventDate "2002.??.??"]
[Source "Chess Informant"]
[SourceDate "2002.10.01"]

1. d4 Nf6 2. c4 e6 3. Nf3 Bb4+ 4. Bd2 Bxd2+ 5. Qxd2 O-O 6. g3 d5 7. Bg2 Nbd7 8. O-O c6 9. Qc2 Qe7 10. Nbd2 e5 11. cxd5 Nxd5 12. dxe5 Nxe5 13. Nxe5 Qxe5 14. Nc4 Qe7 15. a3 Be6 16. b4 Rac8 17. Rfd1 Nf6 18. e4 Bxc4 19. Qxc4 Rcd8 20. Rd4 Ng4 21. Rad1 Qf6 22. R1d2 g5 23. Qc5 Rxd4 24. Qxd4 Qxd4 25. Rxd4 Re8 26. Rd7 b5 27. f4 Ne3 28. Bf3 g4 29. Kf2 gxf3 30. Kxe3 f2 31. Rd1 c5 32. bxc5 Rc8 33. Kxf2 Rxc5 34. Ke3 a5 35. Rd5 Rc3+ 36. Rd3 Rc4 37. Rb3 a4 38. Rxb5 Rc3+ 39. Kd4 Rxa3 40. Ke5 Kg7 41. Kf5 Ra2 42. h4 Rg2 43. g4 a3 44. Ra5 a2 45. Kg5 h6+ 46. Kh5 Re2 47. e5 Re4 48. f5 Rxe5 49. Rxa2 Re7 50. f6+ Kxf6 51. Kxh6 Re4 52. g5+ Ke6 53. Ra6+ 1-0

[Event "London"]
[Site "London"]
[Date "1984.??.??"]
[Round "?"]
[White "Vaganian, Rafael A"]
[Black "Karpov, Anatoly"]
[Result "1/2-1/2"]
[WhiteElo "2630"]
[BlackElo "2700"]
[PlyCount "30"]
[EventDate "1984.04.??"]
[Source "ChessBase"]

1. d4 Nf6 2. c4 e6 3. Nf3 Bb4+ 4. Bd2 Bxd2+ 5. Qxd2 O-O 6. Nc3 d5 7. e3 Qe7 8. Rc1 Rd8 9. Qc2 dxc4 10. Bxc4 c5 11. O-O Nc6 12. dxc5 Qxc5 13. Ne4 Qe7 14. a3 Bd7 15. Rfd1 Be8 1/2-1/2

[Event "Belfort"]
[Site "?"]
[Date "1988.??.??"]
[Round "?"]
[White "Karpov, A."]
[Black "Andersson, U."]
[Result "1/2-1/2"]
[WhiteElo "2715"]
[BlackElo "2605"]
[PlyCount "154"]
[EventDate "1988.??.??"]
[Source "ChessBase"]
[SourceDate "1988.01.01"]

1. d4 Nf6 2. c4 e6 3. Nf3 Bb4+ 4. Bd2 Bxd2+ 5. Qxd2 d5 6. g3 Nbd7 7. Bg2 c6 8. O-O O-O 9. Rc1 Qe7 10. Qe3 Re8 11. Nbd2 e5 12. dxe5 Nxe5 13. Nxe5 Qxe5 14. Qxe5 Rxe5 15. cxd5 Nxd5 16. e4 Nc7 17. Nc4 Re7 18. Na5 Kf8 19. b4 Rb8 20. a4 Be6 21. Rab1 a6 22. f4 f6 23. Rd1 Ke8 24. Kf2 Rd7 25. Ke3 Ke7 26. Bf3 Rxd1 27. Rxd1 Bd7 28. Rc1 Ne6 29. h4 Nd8 30. Nb3 b6 31. Be2 a5 32. bxa5 bxa5 33. Nc5 Be8 34. Bd3 Kd6 35. Kd4 Ne6+ 36. Nxe6 Kxe6 37. Kc5 Rb4 38. Rb1 Rxa4 39. Rb7 Bd7 40. Bf1 Rxe4 41. Bh3+ f5 42. Bxf5+ Kxf5 43. Rxd7 Kf6 44. Kxc6 a4 45. Ra7 h5 46. Kd5 Rb4 47. Kc5 Rb3 48. Kd4 a3 49. Ke4 Rxg3 50. Ra6+ Ke7 51. f5 Kd7 52. Kf4 Rb3 53. Ra7+ Kd6 54. Ra6+ Kc5 55. Kg5 Kb5 56. Ra7 Rg3+ 57. Kxh5 Kb4 58. Ra6 Rg1 59. Rb6+ Ka5 60. Rb8 Rg2 61. Rb7 a2 62. Ra7+ Kb6 63. Ra3 Kc5 64. Ra7 Kd4 65. Ra3 Kc4 66. Ra7 Kc3 67. Rc7+ Kb2 68. Rb7+ Ka1 69. Rb6 Rg3 70. Rb5 Rg1 71. Rb7 Rg2 72. Rb6 Rb2 73. Rg6 Rb7 74. f6 gxf6 75. Rxf6 Kb2 76. Rf2+ Ka3 77. Rxa2+ Kxa2 1/2-1/2

[Event "Chess Classics Masters"]
[Site "Frankfurt"]
[Date "1998.06.18"]
[Round "8"]
[White "Beliavsky, Alexander G"]
[Black "Jussupow, Artur"]
[Result "1-0"]
[WhiteElo "2690"]
[BlackElo "2630"]
[PlyCount "81"]
[EventDate "1998.06.17"]
[Source "ChessBase"]
[SourceDate "1998.09.09"]

1. d4 Nf6 2. c4 e6 3. g3 Bb4+ 4. Bd2 Be7 5. Bg2 d5 6. Nf3 O-O 7. O-O Nbd7 8. Qc2 c6 9. Rd1 b6 10. b3 a5 11. Bc3 Ba6 12. Nbd2 b5 13. e4 bxc4 14. bxc4 Nxe4 15. Nxe4 dxe4 16. Ne5 Nxe5 17. dxe5 Qc7 18. Qxe4 Rac8 19. h4 Rfd8 20. h5 h6 21. Bf1 Bb7 22. Bd3 Rxd3 23. Qxd3 Rd8 24. Qe2 c5 25. Rxd8+ Bxd8 26. f3 Bc6 27. Kf2 Be7 28. Rb1 a4 29. Qb2 Qd7 30. Qd2 Qc7 31. Re1 Qb7 32. Qd3 Qa6 33. Qe2 Qb7 34. Ba5 Qa7 35. Bc3 Qb7 36. Qd3 Qa6 37. Rb1 Bd5 38. Rb5 Bc6 39. g4 Qb6 40. Kg3 Qc7 41. Kf2 1-0

[Event "It"]
[Site "?"]
[Date "2004.09.05"]
[Round "3"]
[White "Beliavsky Alexander G"]
[Black "Kasimdzhanov Rustam"]
[Result "1/2-1/2"]
[WhiteElo "2679"]
[BlackElo "2640"]
[PlyCount "25"]
[EventDate "2004.??.??"]
[Source "www.chesslib.no"]
[SourceDate "2004.05.04"]

1. d4 Nf6 2. c4 e6 3. Nf3 Bb4+ 4. Bd2 Bxd2+ 5. Qxd2 O-O 6. g3 d5 7. Bg2 Nbd7 8. O-O b6 9. cxd5 exd5 10. Nc3 Bb7 11. Rac1 Qe8 12. Rfd1 a6 13. Rc2 1/2-1/2

[Event "It"]
[Site "Pune"]
[Date "2004.09.05"]
[Round "3"]
[White "Beliavsky, Alexander G"]
[Black "Kasimdzhanov, Rustam"]
[Result "1/2-1/2"]
[WhiteElo "2679"]
[BlackElo "2640"]
[PlyCount "109"]
[EventDate "2004.08.03"]
[Source "Roberto Alvarez"]
[SourceDate "2004.09.21"]

1. d4 Nf6 2. c4 e6 3. Nf3 Bb4+ 4. Bd2 Bxd2+ 5. Qxd2 O-O 6. g3 d5 7. Bg2 Nbd7 8. O-O b6 9. cxd5 exd5 10. Nc3 Bb7 11. Rac1 Re8 12. Rfd1 a6 13. Qc2 Nf8 14. b4 Qe7 15. Qb3 Ne6 16. e3 Rab8 17. Ne5 Red8 18. Na4 Ng5 19. Rc2 Nge4 20. Rdc1 Ne8 21. Nc6 Bxc6 22. Rxc6 Rd6 23. R6c2 Ra8 24. Nc3 Nxc3 25. Rxc3 Qd7 26. a4 g6 27. Bf1 Kg7 28. b5 a5 29. Bg2 Rd8 30. h4 f5 31. Qd1 Qe7 32. Qf3 Qe4 33. Qe2 Qe7 34. Bf3 R8d7 35. Kg2 Qf7 36. Qa2 Re7 37. Qc2 Red7 38. Rc6 Kf8 39. Kg1 Ke7 40. Bg2 Kd8 41. Qe2 Qe7 42. h5 Nf6 43. hxg6 hxg6 44. Qf3 Qe4 45. Qf4 Qxf4 46. gxf4 Rxc6 47. Rxc6 Rd6 48. Rc1 Ne4 49. Bxe4 dxe4 50. Kf1 Kd7 51. Ke2 c6 52. Rb1 Rd5 53. bxc6+ Kxc6 54. Rc1+ Kb7 55. Rb1 1/2-1/2